000 00516cam a22001694a 4500
005 20250605163458.0
008 250528s ||||||||||||||||||||||||d
035 _a20160
040 _aGR-AtMCL
_bgre
_dGR-AtMCL
_eAACR2
245 1 _aΣυμεών Αρχιεπισκόπου Θεσσαλονίκης / Τα Άπαντα
250 _a
260 _bΕκδόσεις Βασ. Ρηγόπουλου
_bΕκδόσεις Έθνος Α.Ε,
_c1863
300 _a522
942 _cBK
999 _c5299
_d5299